| 000 | 00821cab a2200217 4500 | ||
|---|---|---|---|
| 001 | ABS42415 | ||
| 008 | 090401t1990 xxu||||| |||| 00| 0 eng d | ||
| 035 | _a(Sirsi) u36656 | ||
| 041 | _aeng | ||
| 100 | _aGraham, T. | ||
| 245 | _aPlanning Policy Guidance Note 1 and the presumption in favour of development | ||
| 260 | _c1990 | ||
| 350 | _a0 | ||
| 490 |
_aJPL _v1990 175-179(3) |
||
| 520 | _aExamines the importance of paragraph 15 of Planning Policy Guidance Notes No 1 "Green belts" for defining who carries the burden of proof when assessing acceptability of development in green belt . | ||
| 650 | _aCRANFORD HALL PARKING LTD V SOS FOR THE ENVIRONMENT | ||
| 650 | _aWEST MIDLANDS COOPERATIVE SOCIETY V SOS FOR THE ENVIRONMENT | ||
| 690 | _aPLANNING LAW AND PRACTICE | ||
| 942 | _n0 | ||
| 948 | _c04/03/1997 | ||
| 999 |
_c23745 _d23745 |
||